| Tag |
First Indicator |
Second Indicator |
Subfields |
| LEADER |
00000cam a2200000I 4500 |
| 001 |
in00001753669 |
| 005 |
20151025054140.0 |
| 008 |
751028s1963 ru a b 000 0 rus |
| 010 |
|
|
|a 63046924
|
| 035 |
|
|
|a (OCoLC)ocm01741783
|
| 040 |
|
|
|a DLC
|c GAT
|d GAT
|d CRL
|d TXA
|d UtOrBLW
|
| 049 |
|
|
|a TXAM
|
| 050 |
0 |
0 |
|a QC168
|b .S5
|
| 100 |
1 |
|
|a Shmyglevskiĭ, I͡U. D.
|q (I͡Uriĭ Dmitrievich)
|
| 245 |
1 |
0 |
|a Nekotorye variat︠s︡ionnye zadachi gazoviĭ dinamiki.
|
| 264 |
|
1 |
|a Moskva,
|b [publisher not identified] ;
|c 1963.
|
| 300 |
|
|
|a 141 pages :
|b illustrations ;
|c 23 cm.
|
| 336 |
|
|
|a text
|b txt
|2 rdacontent
|
| 337 |
|
|
|a unmediated
|b n
|2 rdamedia
|
| 338 |
|
|
|a volume
|b nc
|2 rdacarrier
|
| 490 |
0 |
|
|a Trudy Vychislitelʹnogo t︠s︡entra
|
| 504 |
|
|
|a Bibliography: pages 139-[140].
|
| 650 |
|
0 |
|a Gas dynamics.
|
| 650 |
|
0 |
|a Calculus of variations.
|
| 948 |
|
|
|a cataloged
|b h
|c 2003/5/13
|d c
|e tchubaryan
|f 11:18:49 am
|
| 994 |
|
|
|a E0
|b TXA
|
| 999 |
|
|
|a MARS
|
| 999 |
f |
f |
|s 64f0993e-cf47-3d48-969d-45ef2b3d1867
|i 5c57bc16-3418-370f-b10e-13b440367b7a
|t 0
|
| 952 |
f |
f |
|p ric
|a Texas A&M University
|b Rellis Campus
|c Joint Library Facility
|d Remote Storage
|t 0
|e QC168 .S5
|h Library of Congress classification
|i unmediated -- volume
|m A14830105112
|
| 998 |
f |
f |
|a QC168 .S5
|t 0
|l Remote Storage
|